00525nam a2200193Ii 4500001000400000003000900004008004100013020001500054040003300069041000800102084001100110100001500121245003900136264006300175300001200238336002600250337002800276338002700304103CO-ViMGA241108s9999||||xx |||||||||||||| ||und|| a9681907566 aCO-ViMGAbspaerdacCO-ViMGA0 aspa aC DAH11 aRoald Dahl10aLa jirafa, el pelícano y el mono 1a[Lugar de publicación no identificado] : Alfaguara, 2001 avolumen atextbtxt2rdacontent aunmediatedbn2rdamedia avolumebnc2rdacarrier